000 00834nam a2200253 i 4500
001 101531
003 ES-MaACL
005 20250806060942.0
007 t|
008 051020s1972 sp |||| | spa d
080 _a340.69(460)(078)
245 0 0 _aMedicina legal /
_cpor los Dres. Castaño López Mesas, Guaita Egea, Alberich Hidalgo [y otros] médicos forenses.
260 _aMadrid :
_bPons,
_c1972.
300 _a3 v. ;
_c31 cm.
490 1 _aContestaciones Pons
650 7 _aMedicina legal
_2embne
_914928
650 4 _aMedicina-
_xContestaciones para oposiciones.
_914896
700 1 _aCastaño López-Mesas.
_936439
700 1 _aGuaita Egea.
_960277
700 1 _aAlberich Hidalgo, Federico.
_919284
830 1 _aContestaciones Pons
_9181920
852 4 _aES-MaACL
_jC-51837-39
999 _c101531
_d101531